MARC

LEADER 00000nam0a2200000 4500
001 238687
005 20231101231627.0
035 |a (RuTPU)RU\TPU\book\259884 
090 |a 238687 
100 |a 20130530d1959 k y0rusy50 ca 
101 0 |a rus 
102 |a RU 
105 |a y z 000zy 
200 1 |a Основные проблемы радиохимии  |f А. П. Виноградов 
210 |a Москва  |c Изд-во АН СССР  |d 1959 
215 |a 12 с. 
606 1 |a Радиохимия  |2 stltpush  |3 (RuTPU)RU\TPU\subj\23297  |9 47919 
610 1 |a исследования 
610 1 |a атомная энергия 
610 1 |a радиоизотопы 
610 1 |a химия 
610 1 |a экстракция 
610 1 |a излучения 
610 1 |a использование 
610 1 |a элементарные частицы 
675 |a 544.58  |v 3 
700 1 |a Виноградов  |b А. П.  |c российский геохимик  |c академик АН СССР  |f 1895-1975  |g Александр Павлович  |2 stltpush  |3 (RuTPU)RU\TPU\pers\12020  |4 070  |9 3109 
801 1 |a RU  |b 63413507  |c 20130530 
801 2 |a RU  |b 63413507  |c 20130822  |g RCR 
942 |c BK